[Event "FISCA Online op"]
[Site "Chess.com INT"]
[Date "2020.06.27"]
[Round "8"]
[White "Siretanu, Vladislav"]
[Black "Nimay, Tejas Mavani"]
[Result "0-1"]
[WhiteElo "1317"]
[BlackElo "1019"]
[PlyCount "60"]
[EventDate "2020.06.19"]
[EventType "swiss"]
[EventRounds "9"]
[EventCountry "ROU"]
[SourceTitle "CBM 197 Extra"]
[Source "ChessBase"]
[SourceDate "2020.09.30"]
[SourceVersion "1"]
[SourceVersionDate "2020.09.30"]
[SourceQuality "1"]

1. e4 e5 2. Nf3 Nc6 3. Bc4 Nf6 4. Ng5 d5 5. exd5 Na5 6. Bb5+ c6 7. dxc6 bxc6 8. Be2 h6 9. Nf3 e4 10. Ng1 Bc5 11. d3 Qb6 12. Be3 Bxe3 13. fxe3 Qxe3 14. Qd2 Qxd2+ 15. Kxd2 Bf5 16. Nc3 exd3 17. Bxd3 Bxd3 18. cxd3 0-0-0 19. Kc2 Ng4 20. Nd1 Rhe8 21. h3 Ne3+ 22. Nxe3 Rxe3 23. Re1 Rxe1 24. Kd2 Re6 25. Kc2 Red6 26. Nf3 Rxd3 27. Re1 c5 28. Re2 Nc6 29. Rf2 Nb4+ 30. Kc1 Rd1# 0-1

[Event "Hersonissos Online op"]
[Site "Chess.com INT"]
[Date "2020.06.05"]
[Round "1"]
[White "Steiner, Juraj"]
[Black "Nimay, Tejas Mavani"]
[Result "1-0"]
[WhiteElo "2007"]
[BlackElo "1019"]
[PlyCount "59"]
[EventDate "2020.06.05"]
[EventType "swiss"]
[EventRounds "9"]
[EventCountry "GRE"]
[SourceTitle "CBM 196 Extra"]
[Source "ChessBase"]
[SourceDate "2020.07.31"]
[SourceVersion "1"]
[SourceVersionDate "2020.07.31"]
[SourceQuality "1"]

1. d4 d5 2. Nf3 Nf6 3. Bf4 c5 4. e3 cxd4 5. exd4 Nc6 6. Nbd2 Bf5 7. c3 e6 8. Ne5 Bd6 9. Be2 0-0 10. 0-0 Qc7 11. g4 Bg6 12. Nxg6 fxg6 13. Bg3 e5 14. g5 Nd7 15. Nb3 e4 16. c4 e3 17. cxd5 exf2+ 18. Kg2 Bxg3 19. hxg3 Nb4 20. Nc5 Nxd5 21. Qb3 Qc6 22. Bb5 Qd6 23. Nxd7 Rf5 24. Rxf2 Rxg5 25. Ne5 Rf8 26. Raf1 Rxf2+ 27. Rxf2 h5 28. Bc4 h4 29. Bxd5+ Kh7 30. Bg8+ 1-0